000 01119nam a2200301I 4500
001 75839
003 BD-RjUL
005 20211209082743.0
008 190723s1946 nyu eng c
035 _aMITb10009415
035 _a(BD-RjUL)76058
040 _aAustin College
_beng
_cBD-RjUL
_dBD-RjUL
041 _aeng
049 _aMYGD
_c[736980]
082 _223
_a158.7
_bMAP 1946
099 _aHF5548.8.M217 1946
100 1 _aMaier, Norman R. F.
_q(Norman Raymond Frederick),
_d1900-1977.
_9232478
245 1 0 _aPsychology in industry :
_ba psychological approach to industrial problems /
_c[by] Norman R. F. Maier.
260 _aBoston;
_aNew York:
_bHoughton Mifflin,
_cc1946.
300 _axvi, 463 p.:
_bdiagrs.;
_c21 cm.
500 _aA preliminary edition (reproduced from type-written copy) was issued in 1945 under title: A psychological approach to industrial problems.
504 _aBibliography: p. 427-449.
650 0 _aPsychology, Industrial.
_9232479
650 0 _aPersonnel management.
_9232480
942 _2ddc
_cBK
999 _c75839
_d75839